RN Pediatric Nursing (Record no. 60225)

MARC details
000 -LEADER
fixed length control field 00550nam a22001817a 4500
005 - DATE AND TIME OF LATEST TRANSACTION
control field 20260305134110.0
008 - FIXED-LENGTH DATA ELEMENTS--GENERAL INFORMATION
fixed length control field 260305b |||||||| |||| 00| 0 eng d
020 ## - INTERNATIONAL STANDARD BOOK NUMBER
International Standard Book Number 9781565332584
050 ## - LIBRARY OF CONGRESS CALL NUMBER
Classification number RJ 242
Item number .P43 2023
100 ## - MAIN ENTRY--PERSONAL NAME
Personal name RN Pediatric Nursing
245 ## - TITLE STATEMENT
Title RN Pediatric Nursing
Remainder of title Review Module Edition 12.0
250 ## - EDITION STATEMENT
Edition statement 12th edition
260 ## - PUBLICATION, DISTRIBUTION, ETC. (IMPRINT)
Place of publication, distribution, etc Stilwell, Kansas
Name of publisher, distributor, etc Assesment technologies
Date of publication, distribution, etc 2024
300 ## - PHYSICAL DESCRIPTION
Extent viii, 315 p
Other physical details ill.;
Dimensions 21 cm
500 ## - GENERAL NOTE
General note It includes indexes and bibliographies
650 ## - SUBJECT ADDED ENTRY--TOPICAL TERM
Topical term or geographic name as entry element Pediatric Nursing
942 ## - ADDED ENTRY ELEMENTS (KOHA)
Source of classification or shelving scheme Library of Congress Classification
Item type Book
Holdings
Withdrawn status Lost status Source of classification or shelving scheme Damaged status Not for loan Collection code Home library Current library Shelving location Date acquired Source of acquisition Cost, normal purchase price Total Checkouts Full call number Barcode Date last seen Copy number Price effective from Koha item type
    Library of Congress Classification   Not For Loan Non-fiction Bishop Okullu Memorial Library (Limuru Campus) Bishop Okullu Memorial Library (Limuru Campus) On Display 05/03/2026 Donations-Pittsburg 2466.00   RJ 242 .P43 2023 073149 05/03/2026 1 05/03/2026 Book